000 00735nam a22002297a 4500
005 20170124105916.0
010 _aA-245045
020 _a8173914060
_c480.00
035 _aA-245045
037 _bCen Lib/Ret
040 _aDPL
_bEN
082 _a027.7
_bSHA
100 _aSharma, A. K.
_9106651
245 _aCollege library administration in India :
_cby A. K. Sharma
_btheory and practices /
260 _aNew Delhi
_bShree Publidhing House
_c1985
270 _a4056, Ajmeri Gate
_bNew Delhi
_e110006
300 _a112p.
_c21cm(Hb)
500 _aIncludes bibliographical reference
650 _aLibrary Science
_9106652
650 _aAcademic Libraries-Administration
_9106653
942 _2ddc
_cEN
_h027.7
_mSHA
999 _c122858
_d122858